000 00629nam a2200241Ia 4500
003 OSt
005 20221005032050.0
006 a|||||r|||| 00| 0
007 ta
008 221004b |||||||| |||| 00| 0 tam d
024 _a63853
037 _cTextual
040 _aCRL
_cCRL
_btam
041 _2tam
_atam
082 _aO31:g, L0
100 _aVe.Munusamy Au.
_9584752
245 0 _aVaalvum Ilakkiyamum
260 _aChennai
_bVaanathi pathippagam India
_c1970
300 _a172p.
_ccm.
650 _aTAMIL LITERATURE
942 _hO31:g, L0
_cTEXL
_2cc
999 _c939039
_d939039